000 00713cam a22002657a 4500
003 CHAP
005 20220920170518.0
008 971013s r 00010 d
010 _a41332
011 _a42304
035 _a46432
040 _cCHAP
090 _aR-2557
100 0 0 _aMunger, Denys.
_979486
245 1 3 _aLe plan de developpment
500 _aSobretiro de: Biblio-Contact 6(2): 2-4, 1978
590 _aBATCH-UPD
_b10
_c20130110
590 _aBATCH-UPD
_b10
_c20130410
590 _aBATCH-UPD
_b10
_c20130914
590 _aCONVERSION
_b10
_c20130109
650 1 4 _aBibliotecas públicas.
_912557
901 _aBK
942 _cREIMP
_2local
949 _aR-2557
_bBC
_cB
_d-105863
_eB
_i46432
_mD
_si
999 _c41332
_d41332